000 00456nam a2200181Ia 4500
001 8857
003 IN-NITTTR
005 20251114233042.0
008 251113s9999||||xx |||||||||||||| ||eng||
040 _beng
040 _cIN-NITTTR
041 _aeng
082 _a512.5 E44L
100 _aEfimov, N. V.
245 0 _aLinear algebra and multi-dimensional geometry /
_cEfimov, N. V., Rozendron, E. R.
700 _a Rozendron, E. R.
942 _2ddc
_cBK
999 _c11494
_d11494